000 01131cab a2200397 4500
001 ABS59925
008 090401t1999 xxu||||| |||| 00| 0 eng d
035 _a(Sirsi) u90894
041 _aeng
245 _aFocus `99: Cambridgeshire
260 _c1999
350 _a0
490 _aEstates Gazette
_v(9903) 23 January 1999, 77-105(15)
650 _aALCONBURY AIRFIELD
650 _aBUSINESS PARKS
650 _aCAMBRIDGE
650 _aCAMBRIDGESHIRE
650 _aDEVELOPMENT
650 _aDISTRICT COUNCILS
650 _aGREEN BELT
650 _aHUNTINGDON
650 _aINDUSTRIAL MARKET
650 _aINDUSTRIAL RENTS
650 _aLEISURE MARKET
650 _aPROPERTY-COMMERCIAL PROPERTY-OFFICE PROPERTY-OFFICE PROPERTY MARKET
650 _aOFFICE RENTS
650 _aPETERBOROUGH
650 _aPLANNING POLICY
650 _aPROPERTY-COMMERCIAL PROPERTY-RETAIL PROPERTY-RETAIL PROPERTY MARKET
650 _aRETAIL RENTS
650 _aSCIENCE PARKS
650 _aSILICON VALLEY
690 _aPROPERTY-COMMERCIAL PROPERTY-COMMERCIAL PROPERTY MARKET
942 _n0
948 _c26/01/1999
999 _c57657
_d57657